Wird geladen...

Essays in analysis /

Bibliographische Detailangaben
1. Verfasser: Russell, Bertrand
Weitere Verfasser: Douglas Lackey (HerausgeberIn)
Format: Printed Book
Sprache:English
Veröffentlicht: New York : George Braziller, 1973.
Schlagworte:
LEADER 00518nam a2200157Ia 4500
008 150623b xxu||||| |||| 00| e eng d
082 |a 824.8R1 
100 |a Russell, Bertrand 
245 |a Essays in analysis /  |c Bertrand Russell 
260 |a New York :  |b George Braziller,  |c 1973. 
300 |a 345 p. 
650 |v Essays 
700 |a Douglas Lackey  |e editor. 
942 |c BK 
999 |c 25837  |d 25837 
952 |0 0  |1 0  |4 0  |6 824_000000000000000_8R1_ESS  |7 0  |9 25836  |a UL  |b UL  |c ST2  |d 1998-09-24  |l 0  |o 824.8R1 ESS  |p 37223  |r 2012-10-27  |w 2012-10-27  |y BK